Tour : new & selected poems /

Bibliographic Details
Main Author: Sears, Peter
Format: Book
Language:English
Published: Portland, Ore : Breitenbush Books, [1987]
Edition:1st ed.

MARC

Tag First Indicator Second Indicator Subfields
LEADER 00000cam a2200000 a 4500
001 in00000019556
005 20151007053644.0
008 870213s1987 oru 00010 eng
010 |a  87005196  
020 |a 0932576486 
020 |a 0932576494 (pbk.) 
035 |a (OCoLC)15285210 
035 |9 AAB2367AM 
040 |a DLC  |c DLC  |d TXA  |d UtOrBLW 
049 |a TXAM  |c [A11100412] 
050 0 0 |a PS3569.E19  |b T6 1987 
082 0 |a 811/.54  |2 19 
100 1 |a Sears, Peter. 
245 1 0 |a Tour :  |b new & selected poems /  |c Peter Sears. 
250 |a 1st ed. 
264 1 |a Portland, Ore :  |b Breitenbush Books,  |c [1987] 
264 4 |c ©1987 
300 |a 91 pages ;  |c 24 cm. 
336 |a text  |b txt  |2 rdacontent 
337 |a unmediated  |b n  |2 rdamedia 
338 |a volume  |b nc  |2 rdacarrier 
999 |a MARS 
999 f f |s 803d892b-5673-30af-bf16-137ccce4ede9  |i 7cc859d7-3a75-3627-88d2-e0b0304cab8f  |t 0 
952 f f |p ric  |a Texas A&M University  |b Rellis Campus  |c Joint Library Facility  |d Remote Storage  |t 0  |e PS3569.E19 T6 1987  |h Library of Congress classification  |i unmediated -- volume  |m A14811100412 
998 f f |a PS3569.E19 T6 1987  |t 0  |l Remote Storage